Statistics for Generator Puzzle #35

Click here to take the quiz!

General Stats

  • This quiz has been taken 243 times
  • The average score is 15 of 21

Answer Stats

Hint Answer % Correct
Strong adhesiveGlue
93%
Actor BaldwinAlec
91%
Induced sleepComa
91%
Detective's findClue
90%
Singer Nat KingCole
90%
Last Greek letterOmega
86%
Wooden shoeClog
86%
Wrigley productGum
86%
Shoe stringLace
83%
Actress RyanMeg
82%
Serene, tranquilCalm
80%
Animal enclosureCage
73%
Skin blemishMole
71%
Down in the dumpsGlum
61%
Olympic sledLuge
60%
Media tycoonMogul
54%
Where Davy Crockett diedAlamo
53%
Swamp growthAlgae
51%
Large, extinct NZ birdMoa
37%
Asian gambling meccaMacau
35%
9-Letter WordGUACAMOLE
27%

Score Distribution

Percentile by Number Answered

Percent of People with Each Score

Your Score History

You have not taken this quiz